| 000 | 00393nam a22001457a 4500 | ||
|---|---|---|---|
| 020 | _a9780070494572 | ||
| 040 | _cNUST | ||
| 082 | _a621.4023 GAN | ||
| 100 |
_aGanesan, V _955528 |
||
| 245 | _aInternal Combustion Engines | ||
| 250 | _a2th Edition | ||
| 260 |
_aNew Delhi: _bTata McGraw-Hill Publishing Company Limited, _c2003. |
||
| 650 | _aInternal Combustion Engines | ||
| 942 |
_2ddc _cBK |
||
| 999 |
_c595618 _d595618 |
||